000 00654nam a2200241Ia 4500
005 20250117103609.0
008 008 250103s9999 xx 000 0 eng d
020 _a9789392556401
037 _aTextual
040 _aCSL
_beng
_cCSL
041 _aeng
_2eng
084 _aY73(Q2) R4
_qCSL
100 _aSinha, B C
245 0 _aHinduism and symbol worship
_cSinha, B C
250 _a2nd
260 _aDelhi
_bAgam Kala Prakashan
_c2024
300 _axv, 195p. ill.
650 _a Mpther goddesses
_9734111
650 _a Yaksas
_9734112
650 _aAnthropology
942 _cTEXL
_hY73(Q2) R4
999 _c1237836
_d1237836